| 000 | 00693nam a22002177a 4500 | ||
|---|---|---|---|
| 005 | 20250625154456.0 | ||
| 010 | _aENG-138832 ENG-145547 | ||
| 020 |
_a978-93-92568-37-4 _c6250.00 |
||
| 020 | _a9789392568886 | ||
| 035 | _aEN-122365 | ||
| 035 | _aEN-129079 | ||
| 037 | _bDBAD/PUB | ||
| 082 |
_a954 _21 |
||
| 100 |
_aDiwan, H.D _982354 |
||
| 245 |
_aEastern Coastal Forts, Monuments And Islands of India/ _cby H.D Diwan |
||
| 250 | _a1 | ||
| 260 |
_aChhattisgarh _bAditi Publication _c2023 |
||
| 270 |
_aOpp. New Panchajanya Vidya Mandir, Near Tianga Chowk, Kushalpur, Raipur _bChhattisgarh _k9425210308 |
||
| 300 |
_a168p. _c20cm(pbk) |
||
| 942 |
_2ddc _cEN _h954 _mDIW _e1 |
||
| 999 |
_c200038 _d200038 |
||